| 000 | 00548cam a2200205ua 4500 | ||
|---|---|---|---|
| 001 | 11444 | ||
| 008 | 190920n ii |||gr||||Z||||||eng | ||
| 020 | _a9789386392725 | ||
| 040 | _cMAIN | ||
| 041 | _aeng | ||
| 082 | _a810 | ||
| 100 |
_aKrishna Sen, _eAuthor. |
||
| 245 |
_aShort history of american literature _cBy Krishna Sen and Ashok Sengupta |
||
| 250 | _a1st ed. | ||
| 260 |
_aHayderabad: _bOrient blackswan, _c2017. |
||
| 300 | _a412p. | ||
| 653 | _aAmerican literature in English | ||
| 700 |
_aAshok Sengupta, _eAuthor. |
||
| 942 | _cBK | ||
| 999 |
_c10283 _d10283 |
||